La telefonía : (Registro nro. 15192)

Detalles MARC
000 -LEADER
fixed length control field 01195nam a2200325 i 4500
001 - CONTROL NUMBER
control field 000016779
003 - CONTROL NUMBER IDENTIFIER
control field DO-SdBPM
005 - DATE AND TIME OF LATEST TRANSACTION
control field 20250623092218.0
007 - PHYSICAL DESCRIPTION FIXED FIELD--GENERAL INFORMATION
fixed length control field ta
008 - FIXED-LENGTH DATA ELEMENTS--GENERAL INFORMATION
fixed length control field 100310s2000 dr ac r 001 0 spa d
020 ## - INTERNATIONAL STANDARD BOOK NUMBER
International Standard Book Number 9993481912
040 ## - CATALOGING SOURCE
Original cataloging agency DO-SdBPM
Language of cataloging spa
Transcribing agency BPMSU
Description conventions rda
082 #4 - DEWEY DECIMAL CLASSIFICATION NUMBER
Classification number 384.697293
Item number C531t 2000
Edition number 22
100 1# - MAIN ENTRY--PERSONAL NAME
Personal name Chez Checo, José,
Dates associated with a name 1949-
Relator term autor
Relator code aut.
245 13 - TITLE STATEMENT
Title La telefonía :
Remainder of title presencia y desarrollo en la República Dominicana /
Statement of responsibility, etc. José Chez Checo ; presentación, Jorge Iván Ramírez.
264 #1 - PRODUCTION, PUBLICATION, DISTRIBUTION, MANUFACTURE, AND COPYRIGHT NOTICE
Place of production, publication, distribution, manufacture Santo Domingo :
Name of producer, publisher, distributor, manufacturer CODETEL,
Date of production, publication, distribution, manufacture, or copyright notice 2000.
300 ## - PHYSICAL DESCRIPTION
Extent 426 páginas :
Other physical details ilustraciones ; retratos ;
Dimensions 27 cm.
336 ## - CONTENT TYPE
Content type term texto
Content type code txt
Source rdacontent
337 ## - MEDIA TYPE
Media type term sin mediación
Media type code n
Source rdamedia
338 ## - CARRIER TYPE
Carrier type term volumen
Carrier type code nc
Source rdacarrier
490 0# - SERIES STATEMENT
Series statement Colección Cultural Codetel,
Volume/sequential designation 3
500 ## - GENERAL NOTE
General note Incluye datos biográficos del autor en la página 427.
504 ## - BIBLIOGRAPHY, ETC. NOTE
Bibliography, etc Bibliografías : páginas 414-426.
590 ## - LOCAL NOTE (RLIN)
Local note Inventariado, 2025/VM
650 #7 - SUBJECT ADDED ENTRY--TOPICAL TERM
Topical term or geographic name as entry element Empresas de telecomunicaciones
Geographic subdivision República Dominicana
650 #7 - SUBJECT ADDED ENTRY--TOPICAL TERM
Topical term or geographic name as entry element Telefono
Geographic subdivision República Dominicana
General subdivision Historia
700 1# - ADDED ENTRY--PERSONAL NAME
Personal name Ramírez, Jorge Iván
910 ## - USER-OPTION DATA (OCLC)
User-option data VMateo V. Control de calidad. BPMSU
942 ## - ADDED ENTRY ELEMENTS (KOHA)
Source of classification or shelving scheme Dewey Decimal Classification
Koha item type Libros
Existencias
Withdrawn status Lost status Source of classification or shelving scheme Damaged status Not for loan Collection code Home library Current library Date acquired Total Checkouts Full call number Barcode Date last seen Price effective from Koha item type
    Dewey Decimal Classification     Colección Dominicana Biblioteca Pública Metropolitana Salomé Ureña Biblioteca Pública Metropolitana Salomé Ureña 06/23/2025   BPMSU CD 384.697293 C531t 2000 BPMSU25060085 06/23/2025 06/23/2025 Libros